| 000 | 00602nam a22002057a 4500 | ||
|---|---|---|---|
| 003 | BD-ChCU | ||
| 005 | 20251118114644.0 | ||
| 008 | 251118b usa ||||| |||| 00| 0 eng d | ||
| 020 | _a9780124059405 | ||
| 040 | _cBD-ChCU | ||
| 082 |
_223 _a551.466 B615 |
||
| 100 |
_aHansell, Dennis A. _eEditor _916355 |
||
| 245 |
_aBiogeochemistry of marine dissolved organic matter / _cEdited by Dennis A. Hansell |
||
| 250 | _a2th ed. | ||
| 260 |
_aNew York : _bElsevier, _cc2015 |
||
| 300 | _a693p | ||
| 504 | _aIncludes bibliog and index | ||
| 650 | 0 |
_aChemical Ocenography _916356 |
|
| 942 |
_2ddc _cBK _n0 |
||
| 999 |
_c109550 _d109550 |
||